000 00513nam a2200169 a 4500
005 20250828063917.0
008 991125s1927 mx 000 0 spa u
035 _aUPN01000017978
049 _aSEP
050 4 _aLB1567 E49
245 0 0 _aEducación rural y programa de la escuela rural
260 _aMéxico :
_bSEP,
_c1927
300 _a17 p.
440 0 _aPublicaciones de la Secretaría de Educación Pública$vv. , no.19
650 4 _aEducación rural
_zMéxico
_vPlanes y programas
_919161
905 _aLibro
999 _c17978
_d17978